Quiz o II wojnie światowej. - Statystyki

Ogólne statystyki
  • Ten quiz został rozwiązany 378 razy
  • Średni wynik to 9 z 15
Statystyki odpowiedzi
Zagadnienie Odpowiedź % Poprawnych
Który polski dywizjon lotniczy zestrzelił podczas Bitwy o Anglię najwięcej maszyn Luftwaffe? Dywizjon 303
92%
Poza Niemcami i Związkiem Radzieckim, jaki kraj zaatakował Polskę we wrześniu 1939 roku? Słowacja
90%
W którym roku wybuchło powstanie warszawskie? 1944
84%
Jaką nazwę nosił niemiecki pancernik, który zaatakował Polskę 1 września 1939 roku? Schlezwig-Holstein
78%
W którym roku skończyła się 2 wojna światowa? 8 maja 1945
75%
Które państwo należało do Osi? Bułgaria
75%
Ile dni trwało Powstanie Warszawskie? 63
59%
Od odzyskania niepodległości w 1918 roku Polska wypowiedziała wojnę tylko jednemu krajowi. Któremu? Japonii
55%
Jaka była ostatnia duża ofensywa wojsk III Rzeszy? Ofensywa w Ardenach
53%
Kto poniósł największe straty podczas 2 wojny światowej? Polska i ZSRR
53%
W operacji "Market Garden" nie udało się przechwycić mostów na? Renie
51%
Jak nazywał się komendant obozu Auschwitz-Birkenau? Rudolf Höss
45%
Jaki amerykański samolot był nazywany ,,latającą fortecą?” B17
39%
Okinawa, o którą toczyły się boje w czasie II wojny światowej, to? Wyspa na Pacyfiku
31%
Jak nazywał się legendarny czołg III Rzeszy? Tygrys 2
20%
Nie znaleziono quizów pasujących do podanych kryteriów
Rozkład punktacji
Procent ludzi z każdym wynikiem
Percentyl według liczby udzielonych odpowiedzi
Twoja historia wyników
Nie rozwiązałeś tego quizu